000 00532nam a22001697a 4500
005 20251108172900.0
008 250721s2004 xx 000 0 ara d
082 1 4 _a355.003/ عزي
100 1 _aالعزيزي، هاني عبد الرحيم
245 1 0 _aمعجم المختصرات العسكرية /
264 1 _aعمان :
_bدار مجدلاوي للنشر و اللتوزيع،
_c2004.
300 _a91ص
650 1 7 _aالعلوم العسكرية
650 1 7 _aالقواميس
942 _2ddc
_cBK
999 _c90846
_d90846